| 000 | 00871nam a2200241Ia 4500 | ||
|---|---|---|---|
| 003 | GCL | ||
| 008 | 140319s9999 xx 000 0 ara d | ||
| 020 | _a9013437977 | ||
| 040 |
_aGCL / _cGCL |
||
| 082 | 0 | 4 |
_a792.0947 _bس م |
| 100 | 1 | _aسومية مظلوم | |
| 245 | 1 | 0 |
_aمسرح اوروبا الشرقية بعد الستار الحديدى / _cسومية مظلوم |
| 700 | 1 | _aسحر عبدالحكيم | |
| 700 | 1 | _aستيفانوفا، كالينا | |
| 260 |
_aالقاهرة : _bوزارة الثقافة - مهرجان القاهرة الدولى للمسرح التجريبى ، _c2006 |
||
| 300 |
_a320 ص ؛ _c24 سم |
||
| 650 | 0 | 4 | _aالمسرح - اوروبا |
| 650 | 0 | 4 | _aالمسرح - المجر |
| 650 | 0 | 4 | _aالمسرح - البانيا |
| 650 | 0 | 4 | _aالمسرح - روسيا |
| 650 | 0 | 4 | _aالمسرح - تشيك |
| 942 |
_2ddc _cBK |
||
| 999 |
_c9080 _d9080 |
||